| 000 | | | 04700ckm0a2200325#x 450 |
| 001 | | | 5be39120-290f-44a5-89c4-b8208839bd7f |
| 005 | | | 20210423115945.0 |
| 100 | ## | $a | 20210416j194002##k###0rusy50 ca |
| 101 | 0# | $a | rus |
| 102 | ## | $a | FI |
| 122 | 0# | $a | d194002#### |
| 200 | 1# | $a | Бойцы Красной армии осматривают броневой купол финского ДОТа : фотография |
| | $j | февраль 1940 г. |
| 251 | ## | $c | Документ |
| 461 | #0 | $1 | 2001 |
| | $a | Ф. 34980 |
| | $1 | 251 |
| | $c | Фонд |
| | $1 | 852 |
| | $j | 34980 |
| 462 | #0 | $1 | 2001 |
| | $a | Оп. 14 |
| | $1 | 251 |
| | $c | Опись |
| | $1 | 852 |
| | $j | 14 |
| 462 | #0 | $1 | 2001 |
| | $a | Д. 9 |
| | $v | Л. 33об. |
| | $1 | 251 |
| | $c | Дело |
| | $1 | 852 |
| | $j | 9 |
| 605 | ## | $2 | prlib_sh |
| | $3 | LIBNET\UAF\0000088514 |
| | $a | Вторая мировая война в архивных документах (Комплекс оцифрованных архивных документов, кино- и фотоматериалов) |
| | $l | коллекция |
| 606 | 1# | $2 | nlr_sh |
| | $3 | RU\NLR\AUTH\661258270 |
| | $a | Советско-финляндская война |
| | $z | 1939 - 1940 |
| | $j | Фотографии |
| 606 | 1# | $2 | nlr_sh1 |
| | $3 | RU\NLR\AUTH\66372952 |
| | $a | ДОТ |
| | $j | Фотографии |
| 608 | ## | $2 | prlib_sh |
| | $3 | DITM\AF\0000001707 |
| | $a | Документальные фотографии |
| 617 | ## | $a | Финляндия |
| | $f | 1940 |
| | $2 | prlib_sh |
| 617 | ## | $a | СССР |
| | $f | 1940 |
| | $2 | prlib_sh |
| 686 | ## | $a | 63.3(2)621-68я611 |
| | $v | LBC/M |
| | $2 | rubbk |
| 686 | ## | $a | 63.3(4Фин)6я611 |
| | $v | LBC/M |
| | $2 | rubbk |
| 801 | #0 | $a | RU |
| | $b | ПБ им. Б.Н. Ельцина |
| | $c | 20210416 |
| 801 | #1 | $a | RU |
| | $b | ПБ им. Б.Н. Ельцина |
| | $c | 20210416 |
| | $2 | rusmarc |
| 801 | #2 | $a | RU |
| | $b | ПБ им. Б.Н. Ельцина |
| | $c | 20210423 |
| | $2 | rusmarc |
| 850 | ## | $a | Российский государственный военный архив |
| 852 | ## | $a | РГВА |
| | $j | Л. 33об. |
| 856 | 4# | $n | ПБ им. Б.Н. Ельцина |
| | $u | http://readingroom.main.prlib.ru/item.aspx?id_node=n162565898&mode=full |
| 035 | ## | $a | LIBNET\0001147318 |
| 937 | ## | $d | 162565898 |
| | $h | Федеральное архивное агентство |